Looking 'East': an exploratory analysis of western disenchantment /

Պահպանված է:
Մատենագիտական մանրամասներ
Հիմնական հեղինակ: Phillips, Timothy
Այլ հեղինակներ: Aarons, Haydn
Ձևաչափ: Տեքստ
Խորագրեր:
Ցուցիչներ: Ավելացրեք ցուցիչ
Չկան պիտակներ, Եղեք առաջինը, ով նշում է այս գրառումը!

MARC

LEADER 00000 a a2200000 04500
001 8837
003
040
100 |a Phillips, Timothy  
245 |a Looking 'East':   |b an exploratory analysis of western disenchantment /  |c Timothy Phillips 
650 |a RELIGION  
650 |a IDENTIDAD CULTURAL  
650 |a IDENTIDAD SOCIAL  
650 |a ETNICIDAD  
650 |a BUDISMO  
650 |a ANALISIS SOCIOLOGICO  
650 |a AUSTRALIA  
650 |a IDENTIDAD SOCIAL  
700 |a Aarons, Haydn  
773 |g volumen 22, número 3; páginas 325-341  
999 |c 27083  |d 27083